Muslamano ka roshan mustaqbil (Record no. 582471)

000 -LEADER
fixed length control field 00448nam a22001697a 4500
003 - CONTROL NUMBER IDENTIFIER
control field CEME
005 - DATE AND TIME OF LATEST TRANSACTION
control field 20210628205825.0
008 - FIXED-LENGTH DATA ELEMENTS--GENERAL INFORMATION
fixed length control field 210317b xxu||||| |||| 00| 0 eng d
040 ## - CATALOGING SOURCE
Transcribing agency .
082 ## - DEWEY DECIMAL CLASSIFICATION NUMBER
Classification number 297 TUF
100 ## - MAIN ENTRY--PERSONAL NAME
Personal name Syed Tufail Ahmed Munglori Tufail Ahmed Munglori, Syed
9 (RLIN) 77149
245 ## - TITLE STATEMENT
Title Muslamano ka roshan mustaqbil
260 ## - PUBLICATION, DISTRIBUTION, ETC.
Place of publication, distribution, etc. LAHORE
Name of publisher, distributor, etc. HAMAD ALKUTBI
Date of publication, distribution, etc. 1995
300 ## - PHYSICAL DESCRIPTION
Extent 654P
650 ## - SUBJECT ADDED ENTRY--TOPICAL TERM
Topical term or geographic name entry element ISLAM-HISTORY
9 (RLIN) 37202
942 ## - ADDED ENTRY ELEMENTS (KOHA)
Koha item type Book
Source of classification or shelving scheme
Holdings
Withdrawn status Lost status Damaged status Not for loan Permanent Location Current Location Shelving location Date acquired Total Checkouts Full call number Barcode Date last seen Price effective from Koha item type
        College of Electrical & Mechanical Engineering (CEME) College of Electrical & Mechanical Engineering (CEME) General Stacks 06/06/2017   297 TUF CEME-32878 06/28/2021 06/28/2021 Book
© 2023 Central Library, National University of Sciences and Technology. All Rights Reserved.